| 000 | 01562nam a2200289 i 4500 | ||
|---|---|---|---|
| 001 | 000813718 | ||
| 005 | 20251024083032.0 | ||
| 008 | 140902s1986 be a frb 001 0 spa d | ||
| 040 |
_aCO-BoUNC _bspa _erda |
||
| 082 | 0 | 4 |
_a636.0896 _bT434d |
| 100 |
_aThienpont, D. _eorg _9826 |
||
| 245 | 1 | 0 |
_aDiagnóstico de las helmintiasis por medio del examen coprológico / _cD. Thienpont, F. Rochette, O.F.J. Vanparijs. |
| 250 | _aSegunda edición | ||
| 264 | 1 |
_aBeerse, Bélgica : _bJanssen Research Foundation ; _c1986. |
|
| 300 |
_a203 páginas : _bilustraciones, gráficos, tablas, fotografías. _c25 cm. |
||
| 336 |
_atexto _btxt _2rda contenido |
||
| 337 |
_asin mediación _bn _2rda medio |
||
| 338 |
_avolumen _bnc _2rda soporte |
||
| 504 | _aIncluye referencias bibliográficas e índice. | ||
| 505 | _aContenido. -- Introducción. -- Listas de los helmintos patógenos. -- Exámenes coprológicos. -- ¿Qué revela un examen coprológico? -- Recolección de muestras de heces. -- Examen macroscópico. -- Examen microscópico. -- Reglas básicas a tener en cuenta. -- Huevos de los helmintos. -- Bovinos y ovinos. -- Equinos. -- Cerdos. -- Perros y gatos. -- Aves. -- Roedores. -- Hombres. -- Equipamiento de laboratorio. --Material. -- Pruebas y fórmulas. -- Índice. -- Bibliografía. | ||
| 650 | 1 | 0 |
_aParasitología veterinaria _2LEMB _9829 |
| 650 | 1 | 0 |
_aHelmintiasis animal _2LEMB _9830 |
| 650 | 1 | 0 |
_aDiagnóstico parasitológico veterinario _2LEMB _9831 |
| 700 |
_aRochette, F. _eorg _9827 |
||
| 700 |
_aVanparijs, O.F.J. _eorg _9828 |
||
| 942 |
_cBK _n0 |
||
| 999 |
_c37841 _d37841 |
||